[Event "Blitz Women"]
[Site "?"]
[Date "2018.08.03"]
[Round "7.5"]
[White "Tokhirjonova, Gulrukhbegim"]
[Black "Asgharzadeh, Mitra"]
[Result "1-0"]
[BlackElo "1873"]
[WhiteElo "2198"]
[LiveChessVersion "1.4.8"]

1. e4 {[%clk 0:03:04]} c5 {[%clk 0:03:03]} 2. Nf3 {[%clk 0:03:05]} d6
{[%clk 0:03:04]} 3. d4 {[%clk 0:03:06]} cxd4 {[%clk 0:03:04]} 4. Nxd4
{[%clk 0:03:07]} Nf6 {[%clk 0:03:05]} 5. Nc3 {[%clk 0:03:09]} g6 {[%clk 0:03:06]}
6. f3 {[%clk 0:03:05]} Bg7 {[%clk 0:03:07]} 7. Be3 {[%clk 0:03:07]} O-O 8. Bc4
Nc6 {[%clk 0:03:07]} 9. Qd2 {[%clk 0:03:10]} Bd7 {[%clk 0:03:08]} 10. O-O-O
{[%clk 0:03:11]} Ne5 {[%clk 0:03:08]} 11. Be2 {[%clk 0:03:12]} Qa5
{[%clk 0:03:02]} 12. Kb1 {[%clk 0:03:12]} Rfc8 {[%clk 0:02:58]} 13. g4
{[%clk 0:03:12]} Nc4 {[%clk 0:02:54]} 14. Bxc4 {[%clk 0:03:12]} Rxc4
{[%clk 0:02:55]} 15. g5 {[%clk 0:02:38]} Nh5 {[%clk 0:02:48]} 16. Nd5
{[%clk 0:02:39]} Qxd2 17. Rxd2 {[%clk 0:02:40]} Kf8 {[%clk 0:02:32]} 18. b3
{[%clk 0:02:19]} Rcc8 {[%clk 0:02:26]} 19. c4 {[%clk 0:02:20]} e6
{[%clk 0:02:11]} 20. Nc3 {[%clk 0:02:20]} a6 {[%clk 0:02:07]} 21. Rc1
{[%clk 0:02:19]} Ke7 {[%clk 0:02:01]} 22. a4 {[%clk 0:02:17]} b6 {[%clk 0:01:58]}
23. Ka2 {[%clk 0:01:52]} Rab8 {[%clk 0:01:54]} 24. Rcd1 {[%clk 0:01:37]} Be5
{[%clk 0:01:52]} 25. Nce2 {[%clk 0:01:18]} Bxh2 {[%clk 0:01:33]} 26. Nc2
{[%clk 0:00:54]} d5 {[%clk 0:01:06]} 27. exd5 {[%clk 0:00:46]} exd5 28. Rxd5
{[%clk 0:00:47]} Be6 {[%clk 0:01:09]} 29. R5d2 {[%clk 0:00:48]} Be5
{[%clk 0:00:55]} 30. Ncd4 {[%clk 0:00:41]} Bd7 {[%clk 0:00:49]} 31. f4
{[%clk 0:00:35]} Bg7 {[%clk 0:00:46]} 32. Nc3 {[%clk 0:00:34]} Kf8
{[%clk 0:00:21]} 33. Nd5 {[%clk 0:00:33]} Bg4 {[%clk 0:00:18]} 34. Re1
{[%clk 0:00:30]} Rd8 {[%clk 0:00:10]} 35. Nc6 {[%clk 0:00:29]} Bc3
{[%clk 0:00:04]} 36. Nxc3 {[%clk 0:00:30]} 1-0

[Event "Blitz Women"]
[Site "?"]
[Date "2018.08.03"]
[Round "7.6"]
[White "Mahdian, Anousha"]
[Black "Kurbonboeva, Sarvinoz"]
[Result "0-1"]
[BlackElo "2201"]
[WhiteElo "1773"]
[LiveChessVersion "1.4.8"]

1. d4 {[%clk 0:03:03]} Nf6 {[%clk 0:03:03]} 2. c4 {[%clk 0:03:04]} g6
{[%clk 0:03:04]} 3. f3 {[%clk 0:03:05]} Bg7 {[%clk 0:03:03]} 4. e4
{[%clk 0:03:06]} d6 {[%clk 0:03:04]} 5. Nc3 {[%clk 0:03:08]} O-O {[%clk 0:03:04]}
6. Bg5 {[%clk 0:03:08]} Nc6 {[%clk 0:03:03]} 7. Nge2 {[%clk 0:03:07]} a6
{[%clk 0:03:00]} 8. Rc1 {[%clk 0:03:08]} Rb8 {[%clk 0:02:58]} 9. Qd2
{[%clk 0:03:03]} Nd7 {[%clk 0:01:53]} 10. d5 {[%clk 0:02:07]} Nce5
{[%clk 0:01:47]} 11. b3 {[%clk 0:02:08]} c5 {[%clk 0:01:32]} 12. a4
{[%clk 0:01:48]} f5 {[%clk 0:01:22]} 13. Nf4 {[%clk 0:01:26]} Nf6
{[%clk 0:01:21]} 14. Ne6 {[%clk 0:01:12]} Bxe6 15. dxe6 {[%clk 0:01:13]} Qc8
{[%clk 0:01:15]} 16. Bxf6 {[%clk 0:00:10]} Rxf6 {[%clk 0:01:16]} 17. Nd5
{[%clk 0:00:11]} Rxe6 {[%clk 0:01:15]} 18. Nf4 {[%clk 0:00:12]} Rf6
{[%clk 0:01:13]} 19. Nd5 {[%clk 0:00:13]} Rf7 {[%clk 0:01:12]} 20. Be2
{[%clk 0:00:10]} fxe4 {[%clk 0:01:11]} 21. fxe4 {[%clk 0:00:11]} Qf8
{[%clk 0:01:10]} 22. Qe3 {[%clk 0:00:11]} Bh6 {[%clk 0:01:09]} 23. Qg3
{[%clk 0:00:07]} Bxc1 {[%clk 0:01:08]} 24. Qh4 {[%clk 0:00:08]} e6
{[%clk 0:00:59]} 25. Nc3 {[%clk 0:00:08]} Bb2 {[%clk 0:00:58]} 26. Nd1
{[%clk 0:00:08]} Bd4 {[%clk 0:00:58]} 27. Qh3 {[%clk 0:00:09]} Qe7
{[%clk 0:00:58]} 28. Rf1 {[%clk 0:00:09]} Rxf1+ 29. Bxf1 {[%clk 0:00:09]} Rf8
{[%clk 0:00:58]} 30. Be2 {[%clk 0:00:11]} Qf6 {[%clk 0:00:57]} 31. Kd2
{[%clk 0:00:08]} Qf4+ {[%clk 0:00:56]} 0-1

[Event "Blitz Women"]
[Site "?"]
[Date "2018.08.03"]
[Round "7.7"]
[White "Gevorgyan, Irina"]
[Black "Alavi, Homa"]
[Result "1/2-1/2"]
[BlackElo "1812"]
[WhiteElo "2275"]
[LiveChessVersion "1.4.8"]

1. d4 {[%clk 0:03:03]} d5 {[%clk 0:03:02]} 2. c4 {[%clk 0:03:04]} e6
{[%clk 0:03:04]} 3. Nc3 {[%clk 0:03:05]} Be7 {[%clk 0:03:05]} 4. cxd5
{[%clk 0:03:03]} exd5 {[%clk 0:03:06]} 5. Bf4 {[%clk 0:03:03]} c6
{[%clk 0:03:06]} 6. e3 {[%clk 0:03:03]} Nf6 {[%clk 0:03:06]} 7. Bd3
{[%clk 0:03:02]} Nbd7 {[%clk 0:03:06]} 8. Qc2 {[%clk 0:03:03]} O-O
{[%clk 0:03:04]} 9. Nf3 {[%clk 0:03:02]} Re8 {[%clk 0:03:04]} 10. O-O
{[%clk 0:03:01]} Nf8 {[%clk 0:03:05]} 11. Rab1 {[%clk 0:02:57]} Ng6
{[%clk 0:03:04]} 12. Bg3 {[%clk 0:02:57]} Nh5 {[%clk 0:02:58]} 13. b4
{[%clk 0:02:53]} a6 {[%clk 0:02:59]} 14. a4 {[%clk 0:02:54]} Nxg3
{[%clk 0:02:52]} 15. hxg3 {[%clk 0:02:55]} Bg4 {[%clk 0:02:46]} 16. b5
{[%clk 0:02:46]} axb5 {[%clk 0:02:40]} 17. axb5 {[%clk 0:02:47]} Rc8
{[%clk 0:02:28]} 18. bxc6 {[%clk 0:02:45]} bxc6 {[%clk 0:02:29]} 19. Na4
{[%clk 0:02:42]} Bd6 {[%clk 0:02:10]} 20. Nc5 {[%clk 0:02:40]} Qf6
{[%clk 0:02:09]} 21. Nd2 {[%clk 0:02:31]} Qg5 {[%clk 0:01:55]} 22. e4
{[%clk 0:02:18]} Bxc5 {[%clk 0:01:38]} 23. dxc5 {[%clk 0:02:17]} Rcd8
{[%clk 0:01:28]} 24. f4 {[%clk 0:02:00]} Qh5 {[%clk 0:01:16]} 25. e5
{[%clk 0:01:59]} Ne7 {[%clk 0:01:04]} 26. Nb3 {[%clk 0:01:56]} Nf5
{[%clk 0:01:03]} 27. Rbe1 {[%clk 0:01:48]} Nxg3 {[%clk 0:01:04]} 28. Nd4
{[%clk 0:01:24]} Nxf1 {[%clk 0:00:46]} 29. Rxf1 {[%clk 0:01:25]} f6
{[%clk 0:00:42]} 30. Nxc6 {[%clk 0:01:25]} Rc8 {[%clk 0:00:44]} 31. Bb5
{[%clk 0:01:17]} Bd7 {[%clk 0:00:36]} 32. Nd4 {[%clk 0:01:13]} Bxb5
{[%clk 0:00:36]} 33. Nxb5 {[%clk 0:01:14]} fxe5 {[%clk 0:00:27]} 34. Nd6
{[%clk 0:01:15]} e4 {[%clk 0:00:22]} 35. Nxc8 {[%clk 0:01:15]} Rxc8
{[%clk 0:00:23]} 36. f5 {[%clk 0:01:14]} Qg5 {[%clk 0:00:15]} 37. Qc3
{[%clk 0:01:13]} Qe7 {[%clk 0:00:12]} 38. Rc1 {[%clk 0:01:12]} Qd7
{[%clk 0:00:08]} 39. c6 {[%clk 0:01:09]} Qa7+ {[%clk 0:00:08]} 40. Kh2
{[%clk 0:01:09]} d4 {[%clk 0:00:09]} 41. Qc4+ {[%clk 0:01:10]} Kh8
{[%clk 0:00:09]} 42. c7 {[%clk 0:01:10]} e3 {[%clk 0:00:09]} 43. Qe6
{[%clk 0:01:10]} Qb7 {[%clk 0:00:09]} 44. Qd7 {[%clk 0:01:08]} h6
{[%clk 0:00:05]} 45. f6 {[%clk 0:01:09]} gxf6 {[%clk 0:00:04]} 46. Qf7
{[%clk 0:01:09]} Qb6 {[%clk 0:00:03]} 47. Qd7 {[%clk 0:01:08]} Qb7
{[%clk 0:00:04]} 48. Qf7 {[%clk 0:01:08]} Qb6 {[%clk 0:00:05]} 49. Qd7
{[%clk 0:01:07]} Qb7 {[%clk 0:00:06]} 50. Qd8+ {[%clk 0:01:06]} Kg7
{[%clk 0:00:07]} 51. Qe7+ {[%clk 0:01:07]} Kg6 {[%clk 0:00:08]} 52. Qd7
{[%clk 0:01:03]} e2 {[%clk 0:00:08]} 53. Qg4+ {[%clk 0:01:03]} Kh7
{[%clk 0:00:09]} 54. Qf5+ {[%clk 0:01:04]} Kg7 {[%clk 0:00:10]} 55. Qg4+
{[%clk 0:01:03]} Kf7 {[%clk 0:00:11]} 56. Qxe2 {[%clk 0:01:01]} Rxc7
{[%clk 0:00:12]} 57. Qh5+ {[%clk 0:01:02]} Kg7 {[%clk 0:00:13]} 58. Qg4+
{[%clk 0:01:03]} Kh7 {[%clk 0:00:14]} 59. Qf5+ {[%clk 0:01:03]} Kg7
{[%clk 0:00:15]} 60. Qg4+ {[%clk 0:01:03]} Kh7 {[%clk 0:00:16]} 61. Qf5+
{[%clk 0:01:03]} Kg7 {[%clk 0:00:18]} 62. Qg4+ {[%clk 0:01:02]} Kh7
{[%clk 0:00:19]} 1/2-1/2

[Event "Blitz Women"]
[Site "?"]
[Date "2018.08.03"]
[Round "7.8"]
[White "Asadi, Motahare"]
[Black "Baymuratova, Sevara"]
[Result "1-0"]
[BlackElo "2144"]
[WhiteElo "1778"]
[LiveChessVersion "1.4.8"]

1. Nf3 {[%clk 0:03:02]} d5 {[%clk 0:03:03]} 2. g3 {[%clk 0:03:03]} Nf6
{[%clk 0:03:04]} 3. Bg2 {[%clk 0:03:05]} Bg4 {[%clk 0:03:03]} 4. d3
{[%clk 0:03:04]} e6 {[%clk 0:03:03]} 5. O-O {[%clk 0:03:03]} c6 {[%clk 0:03:03]}
6. Nbd2 {[%clk 0:02:59]} Nbd7 {[%clk 0:03:04]} 7. e4 {[%clk 0:02:59]} dxe4 8.
dxe4 {[%clk 0:03:00]} e5 {[%clk 0:02:52]} 9. h3 {[%clk 0:02:56]} Bxf3
{[%clk 0:02:49]} 10. Nxf3 {[%clk 0:02:53]} Be7 {[%clk 0:02:45]} 11. Be3
{[%clk 0:02:53]} O-O {[%clk 0:02:43]} 12. Nh4 {[%clk 0:02:54]} g6
{[%clk 0:02:41]} 13. Qe2 {[%clk 0:02:46]} Qc7 {[%clk 0:02:41]} 14. f4
{[%clk 0:02:39]} Nh5 {[%clk 0:02:34]} 15. Qf2 {[%clk 0:02:31]} Bxh4
{[%clk 0:02:22]} 16. gxh4 {[%clk 0:02:32]} exf4 {[%clk 0:02:21]} 17. Bxf4
{[%clk 0:02:27]} Nxf4 {[%clk 0:02:20]} 18. Qxf4 {[%clk 0:02:27]} Qb6+
{[%clk 0:02:16]} 19. Qf2 {[%clk 0:02:16]} Ne5 {[%clk 0:01:43]} 20. h5
{[%clk 0:01:51]} Rfd8 {[%clk 0:01:29]} 21. Kh2 {[%clk 0:01:41]} Qxf2
{[%clk 0:01:26]} 22. Rxf2 {[%clk 0:01:42]} Rd6 {[%clk 0:01:20]} 23. Raf1
{[%clk 0:01:28]} Rad8 {[%clk 0:01:17]} 24. Kg3 {[%clk 0:01:23]} h6
{[%clk 0:01:07]} 25. h4 {[%clk 0:01:02]} gxh5 {[%clk 0:01:08]} 26. Rf5
{[%clk 0:00:59]} Rg6+ {[%clk 0:01:07]} 27. Kh3 {[%clk 0:00:54]} Rd2
{[%clk 0:01:07]} 28. R1f2 {[%clk 0:00:45]} Rxf2 29. Rxf2 {[%clk 0:00:46]} Ng4
{[%clk 0:01:03]} 30. Rf3 {[%clk 0:00:41]} Kg7 {[%clk 0:01:02]} 31. Bf1
{[%clk 0:00:38]} Rd6 {[%clk 0:00:56]} 32. Bd3 {[%clk 0:00:37]} f6
{[%clk 0:00:53]} 33. Rf5 {[%clk 0:00:35]} Ne5 {[%clk 0:00:53]} 34. Rxh5
{[%clk 0:00:21]} Nxd3 {[%clk 0:00:53]} 35. cxd3 {[%clk 0:00:20]} Rxd3+
{[%clk 0:00:55]} 36. Kg4 {[%clk 0:00:20]} Rd2 {[%clk 0:00:53]} 37. b3
{[%clk 0:00:21]} Rxa2 {[%clk 0:00:52]} 38. e5 {[%clk 0:00:22]} Kg6
{[%clk 0:00:46]} 39. exf6 {[%clk 0:00:11]} Rg2+ {[%clk 0:00:40]} 40. Kf3
{[%clk 0:00:11]} Rb2 {[%clk 0:00:40]} 41. f7 {[%clk 0:00:07]} Rxb3+
{[%clk 0:00:39]} 42. Ke4 {[%clk 0:00:08]} Rb4+ {[%clk 0:00:39]} 43. Ke5
{[%clk 0:00:09]} Rb5+ 44. Ke6 Kg7 {[%clk 0:00:33]} 45. Ke7 {[%clk 0:00:12]} Rxh5
{[%clk 0:00:20]} 46. f8=Q+ {[%clk 0:00:12]} Kg6 {[%clk 0:00:19]} 47. Qf6+
{[%clk 0:00:13]} Kh7 {[%clk 0:00:19]} 48. Qf7+ {[%clk 0:00:15]} Kh8
{[%clk 0:00:19]} 1-0